|
|
|
|
| LEADER |
01254nam a22003372a 4500 |
| 001 |
000373394 |
| 003 |
CZ BrMZK |
| 005 |
20220309070600.0 |
| 008 |
980105s1988 xr f spa d |
| 015 |
|
|
|a cnb000042578
|
| 020 |
|
|
|q (Brož.) :
|c 20 Kčs
|
| 035 |
|
|
|a (OCoLC)18609337
|
| 040 |
|
|
|a ABA001
|b cze
|d ABA001
|
| 080 |
9 |
|
|a 806.0-48/-49-561.2
|
| 100 |
1 |
|
|a Králová-Kullová, Jana,
|d 1950-
|7 jn19981001694
|4 aut
|
| 245 |
1 |
0 |
|a Modulaciones de la cadena hablada en español /
|c Jana Kullová ; obálka a graf. úprava Josef Kurský
|
| 250 |
|
|
|a 1. vyd.
|
| 260 |
|
|
|a Praha :
|b Univerzita Karlova,
|c 1988
|
| 300 |
|
|
|a 120 s. ;
|c 23 cm
|
| 490 |
1 |
|
|a Acta Universitatis Carolinae. Philologica, Monographia ;
|v 87/1981
|
| 500 |
|
|
|a 750 výt.
|
| 504 |
|
|
|a Obsahuje bibliografii a poznámky
|
| 546 |
|
|
|a Souhrn čes. a angl.
|
| 655 |
|
7 |
|a studie
|7 fd133597
|2 czenas
|
| 830 |
|
0 |
|a Acta Universitatis Carolinae.
|p Philologica.
|p Monographia
|0 s
|
| 910 |
|
|
|a BOA001
|b M2-0933.243
|b PK-0107.957
|
| 990 |
|
|
|a BK
|
| 995 |
|
|
|a 01
|
| 991 |
|
|
|b 200902
|
| 996 |
6 |
|
|b 2619813841
|c M2-0933.243
|l MZK
|r Sklad / do 24 hodin
|n 3
|w 000373394
|u 000010
|a 1
|e BOA001
|j MZK50
|s P
|
| 996 |
7 |
|
|b 3119684997
|c PK-0107.957
|l MZK
|r Sklad / do 1 hodiny
|n 0
|w 000373394
|u 000020
|a 1
|e BOA001
|j MZK50
|s A
|